[Event "Montigny le Bretonneux-C 9th"]
[Site "Montigny le Bretonneux"]
[Date "2010.10.24"]
[Round "2"]
[White "Rivollier, Frederic"]
[Black "Saiovici, Adina"]
[Result "1-0"]
[WhiteElo "1570"]
[BlackElo "1254"]
[PlyCount "85"]
[EventDate "2010.10.23"]
[EventType "swiss"]
[EventRounds "9"]
[EventCountry "FRA"]
[SourceTitle "EXT 2011"]
[Source "ChessBase"]
[SourceDate "2010.11.26"]
[SourceVersion "1"]
[SourceVersionDate "2010.11.26"]
[SourceQuality "1"]

1. d4 d5 2. e3 Nc6 3. c4 Nf6 4. a3 Bg4 5. f3 Bf5 6. c5 e5 7. Bb5 Bd7 8. Bxc6 Bxc6 9. Nc3 e4 10. fxe4 dxe4 11. Nh3 Be7 12. 0-0 0-0 13. Nf2 b6 14. b4 Nd5 15. Nfxe4 Nxc3 16. Nxc3 Bg5 17. e4 Re8 18. d5 Bf6 19. Bb2 Bxc3 20. Bxc3 Bb5 21. Rf4 Qg5 22. Qf3 Be2 23. Qf2 Bh5 24. c6 Rf8 25. Re1 Rae8 26. Re3 f6 27. Rg3 Qh6 28. Rh3 Qg6 29. Rfh4 Bg4 30. Rg3 Rxe4 31. h3 Re2 32. Qxe2 Qb1+ 33. Qe1 Qxe1+ 34. Bxe1 Bf5 35. Re3 Bg6 36. Re7 h6 37. Rxc7 a6 38. d6 Re8 39. Kf2 Bd3 40. Re7 Bb5 41. Rxe8+ Kf7 42. Re7+ Kf8 43. c7 1-0